000
00330nam a22001457a 4500
008
230531b ||||| |||| 00| 0 eng d
020
_a
9780134396026
041
_a
eng
080
_2
ELEVENTH EDITION
_a
159.9
082
_a
159.9MAR
100
_a
25
101
_a
PSI
245
_a
ANATOMY PHYSIOLOGY
_c
MARTINI
942
_2
udc
_c
BK
999
_c
59890
_d
59890